000 00701cam a22002414a 4500
001 13194244
005 20180215032749.0
008 030512s2004 iaua 001 0 eng
010 _a 2003053983
020 _a0072887710
020 _a0071217711 (ISE)
040 _aDLC
_cDLC
_dDLC
041 _aeng
042 _apcc
080 _a621.3 RIZ
082 0 0 _a621.3 RIZ
_221
100 1 _a27
101 _aIM
245 1 0 _aPrinciples and applications of electrical engineering /
_cGiorgio Rizzoni.
906 _a7
_bcbc
_corignew
_d1
_eocip
_f20
_gy-gencatlg
942 _2ddc
_cBK
999 _c42563
_d42563